Propagación y radiación de ondas electromagnéticas /

Guardado en:
Autor Principal: Puliafito, Salvador.
Formato: Libro
Idioma:Spanish
Publicado: Mendoza : Idearium, 1980.
Etiquetas: Agregar Etiqueta
Sin Etiquetas, Sea el primero en etiquetar este registro!
LEADER 00496nam a22001575a 4500
001 EUN.um029833
003 AR-BaUNS
005 20050623122905.0
008 041125s1980####ag#a##########000#0#spa#d
245 1 0 |a Propagación y radiación de ondas electromagnéticas /  |c Salvador Puliafito. 
260 |a Mendoza :  |b Idearium,  |c 1980. 
300 |a v. :  |b ilus. ;  |c 20,5 cm. 
020 |a 9506240124 
100 1 |a Puliafito, Salvador. 
082 0 4 |a 537.12 
859 |a Ar-BaUNS  |b BIB. CENTRAL - Sector A  |h 537.12  |i P966  |p 96609/988  |v 3